000 00685nam a2200217Ia 4500
001 15800
003 GE_BSU
008 181216s||||||||xx |||||||||||||| ||und||
040 _cGE_BSU
080 _a821.353.1-32
100 _aჭილაძე, თამაზ
245 _aთეთრი კვამლი
245 _bმოთხრობები
245 _cრედ.ე.ახვლედიანი. მხ.თ.სამსონაძე
260 _aთბილისი
260 _bნაკადული
260 _c1968
300 _a215გვ. ; 16სმ
653 _aპარასკევა; თეთრი კვამლი
942 _cBK
999 _c48897
_d48897